| 000 | nam a22 a 4500 | ||
|---|---|---|---|
| 999 |
_c121072 _d121072 |
||
| 003 | BLK | ||
| 005 | 20220629143133.0 | ||
| 008 | 180409b bul|||||r ||||||| ||bul|| | ||
| 010 | _aKNG00126693000 | ||
| 040 | _aBLK | ||
| 041 |
_aBUL _cBUL |
||
| 080 |
_aБългарска литература _b821.163.2 _x-32 _z821.163.2-32 |
||
| 080 |
_aБългарска литература _b821.163.2 _x-93-32 _z821.163.2-93-32 |
||
| 100 | 1 |
_aАприлов, Борис _eпърви автор _gДжавков, Атанас Василев _9248876 |
|
| 139 |
_aАприлов, Борис _bА 79 |
||
| 245 | 1 | 0 |
_aИзбрани разкази и романи _cБорис Априлов; * Атанас Василев Джавков. |
| 257 | _aBGR | ||
| 260 |
_bБълг. писател _c1971 _aСофия |
||
| 300 |
_a368 с., 1 л. _bпортр. _c24 см |
||
| 380 | _aX | ||
| 500 | _aБорис Априлов е псевд. на Атанас Василев Джавков. | ||
| 700 | 1 |
_aДжавков, Атанас Василев _e* _9366427 |
|
| 852 | _aЦб 59319 | ||
| 856 | 4 | _qpdf | |
| 856 | 4 | _qpdf | |
| 942 |
_cKNG _n0 _07 _s1 |
||
| 944 |
_aCR _c25.01.2012 _l25.01.2012 - от С1,Р / 25.01.2012 _kПролет_Жекова |
||
| 944 |
_aED _c27.09.2017 _l25.01.2012 - от С1,Р / 25.01.2012 _kВася_Ганчева |
||
| 999 | _d121072 | ||